| 000 | 00552nam a2200157 a 4500 | ||
|---|---|---|---|
| 008 | 120416s1976 ||||||||||||||||| || u | ||
| 050 | _aJK 765 Nig | ||
| 100 | _aNigro, Felix A | ||
| 245 | 1 | 4 | _aThe new public personnel administration |
| 260 |
_aItasca, Ill. _bPeacock _c1976 |
||
| 300 | _axi, 337p. : ill. | ||
| 350 | _a0.00 | ||
| 650 | _aPERSONNEL ADMINISTRATION | ||
| 650 | _aADMINISTRATION | ||
| 995 |
_D0.00 _FCBU-MAIN LIBRARY (Kitwe) _H1 _I0.00 _M1 _UAVAILABLE _ZAnnex Low-Usage Collection |
||
| 999 |
_c52188 _d52188 |
||